Normal view
MARC view
- بونيباكر، سيجر أدريانوس ؛ ترجمة خالص، وليد محمود ؛ سمير هيكل
Entry Personal Name
001 - CONTROL NUMBER
- control field: 11286
003 - CONTROL NUMBER IDENTIFIER
- control field: JO-AjAnu
005 - DATE AND TIME OF LATEST TRANSACTION
- control field: 20230606072119.0
008 - FIXED-LENGTH DATA ELEMENTS
- fixed length control field: 230606|| aca||aabn | a|a d
040 ## - CATALOGING SOURCE
- Original cataloging agency: JO-AjAnu
- Transcribing agency: JO-AjAnu
100 ## - HEADING--PERSONAL NAME
- Personal name: بونيباكر، سيجر أدريانوس ؛ ترجمة خالص، وليد محمود ؛ سمير هيكل
670 ## - SOURCE DATA FOUND
- Source citation: Work cat.: (JO-AjAnu)5813: بونيباكر، سيجر أدريانوس ؛ ترجمة خالص، وليد محمود ؛ سمير هيكل, author, مقدمة تحقيق كتاب نقد الشعر لقدامة بن جعفر الكاتب البغدادي